| 000 | 00529cam a2200193ua 4500 | ||
|---|---|---|---|
| 001 | 9422 | ||
| 008 | 160317n ii |||gr||||Z||||||hin | ||
| 040 | _cMAIN | ||
| 041 | _ahin | ||
| 082 | _a491.435 | ||
| 100 |
_aUpadhyay, Ashok Kumar, _eAuthor. |
||
| 245 |
_aPioneer maanok hindi byakaran totha rochona _cby Ashok Kumar Upadhyay |
||
| 250 | _aRev. & enl. ed. | ||
| 260 |
_aDelhi: _bDhanpat Rai & co., _c2007. |
||
| 300 | _a488+44p. | ||
| 653 | _aEast Indo-European & Celtic languages | ||
| 653 | _aHindi grammar | ||
| 942 | _cBK | ||
| 999 |
_c8477 _d8477 |
||